000 00915cam a2200277 4500
008 090401t1994 xxu||||| |||| 00| 0 eng d
020 _a0419190201
035 _a(Sirsi) u72794
041 _aeng
050 _a694.012
245 _aBuilding mycology: management of decay and health in buildings.
260 _aLondon
_bE. & F.N. Spon
_c1994
300 _axvi,326p. : ill. ; 24cm.
350 _a49.95
520 _aLooks at the effects of fungi and fungal damage on building structures, contents and people. Includes chapters on inspection, monitoring and treatment as well as reports from India, North America, Denmark and Spain.
650 _aBIODETERIORATION
650 _aBUILDING MYCOLOGY
650 _aCANADA
650 _aFUNGAL DECAY
650 _aFUNGI
650 _aFUNGICIDES
690 _aBUILT ENVIRONMENT
700 _aSingh, Jagjit
_xEditor
942 _n0
948 _c04/03/1997
999 _c95530
_d95530